[Event "Moscow Open A 2016"]
[Site "Moscow RUS"]
[Date "2016.02.03"]
[Round "5.86"]
[White "Zenin, Dmitri"]
[Black "Kaasen, Tor Fredrik"]
[Result "1-0"]
[WhiteElo "2310"]
[BlackElo "2168"]
[WhiteFideId "4127897"]
[BlackFideId "1516647"]
[EventDate "2016.01.30"]

1. d4 Nf6 2. c4 g6 3. Nc3 Bg7 4. e4 d6 5. Nf3 O-O 6. Be2 e5 7. O-O Nc6 8. d5 Ne7
9. Ne1 Nd7 10. Nd3 f5 11. Bd2 Nf6 12. f3 f4 13. c5 g5 14. cxd6 cxd6 15. Nf2 Ng6
16. Qc2 Rf7 17. Rfc1 h5 18. h3 Bf8 19. Nb5 Ne8 20. a4 Rg7 21. Qd1 Nf6 22. Rc3 a6
23. Na3 Nh4 24. Be1 Qe8 25. Nc4 g4 26. fxg4 hxg4 27. hxg4 f3 28. gxf3 Nh5 29.
Nh3 Ng6 30. Ne3 Ngf4 31. Nxf4 Nxf4 32. Bg3 Qg6 33. Bf1 Qh6 34. Kf2 Be7 35. Ke1
Qh1 36. Kd2 Bg5 37. Kc2 Bd7 38. Nf5 Bxf5 39. exf5 e4 40. Bxf4 Bxf4 41. Be2 Qg2
42. Kb3 Be5 43. Rc2 Qg3 44. Ka2 b5 45. Rac1 exf3 46. Bxf3 bxa4 47. Rc8+ Rxc8 48.
Rxc8+ Kf7 49. Qh1 Qf2 50. Qh5+ Ke7 51. f6+ Kxf6 52. Qf5+ 1-0

[Event "Moscow Open A 2016"]
[Site "Moscow RUS"]
[Date "2016.02.03"]
[Round "5.87"]
[White "Gurvich, Vitaly"]
[Black "Sizintsev, Alexey"]
[Result "1-0"]
[WhiteTitle "FM"]
[WhiteElo "2308"]
[BlackElo "2150"]
[WhiteFideId "24164852"]
[BlackFideId "24190985"]
[EventDate "2016.01.30"]

1. d4 Nf6 2. c4 g6 3. Nc3 Bg7 4. e4 d6 5. Nf3 O-O 6. Be2 e5 7. d5 a5 8. Bg5 h6
9. Bh4 Na6 10. Nd2 Bd7 11. O-O Qe8 12. Nb5 Nh7 13. a3 h5 14. f3 Bh6 15. Kh1 Be3
16. Qc2 f5 17. exf5 Bxf5 18. Bd3 Qd7 19. Ne4 Nc5 20. Nxc5 Bxc5 21. Bxf5 Rxf5 22.
b4 axb4 23. axb4 Rxa1 24. Rxa1 Bxb4 25. Bf2 c6 26. dxc6 Qxc6 27. Qb3 Bc5 28.
Bxc5 dxc5 29. Rd1 Rf6 30. Qe3 Nf8 31. Nc3 Re6 32. h3 Nd7 33. Ne4 b6 34. Qg5 Kg7
35. Rd6 Rxd6 36. Qe7+ Kh6 37. Nxd6 g5 38. Qe6+ Kh7 39. Qf7+ Kh8 40. Qg6 1-0

[Event "Moscow Open A 2016"]
[Site "Moscow RUS"]
[Date "2016.02.03"]
[Round "5.88"]
[White "Erzhanov, Arman"]
[Black "Manafov, Vugar"]
[Result "1-0"]
[WhiteTitle "FM"]
[WhiteElo "2304"]
[BlackElo "2052"]
[WhiteFideId "4138821"]
[BlackFideId "13410814"]
[EventDate "2016.01.30"]

1. e4 Nf6 2. e5 Nd5 3. d4 d6 4. c4 Nb6 5. exd6 exd6 6. Bd3 Be7 7. h3 O-O 8. Nf3
Bf6 9. Be3 Nc6 10. Nc3 d5 11. c5 Nc4 12. O-O Nxb2 13. Bxh7+ Kh8 14. Qc2 Nc4 15.
Bd3 Nb4 16. Qe2 Nxe3 17. Qxe3 Re8 18. Qd2 Nxd3 19. Qxd3 g6 20. Rfe1 c6 21. Rxe8+
Qxe8 22. Re1 Qf8 23. Ne5 Bf5 24. Qe3 Bxe5 25. Qxe5+ Qg7 26. Qf4 Qf8 27. g4 Be6
28. Rb1 Bc8 29. Qf6+ Qg7 30. Qd8+ Qg8 31. Qe7 Qg7 32. Re1 Be6 33. Qxb7 Rg8 34.
Re5 Qh6 35. Re3 Qf4 36. Ne2 Qh6 37. Kg2 Qh4 38. Ng1 Qf6 39. Ne2 Kg7 40. Qxc6 Rh8
41. Qd6 Qh4 42. Qe5+ Kg8 43. Qg3 Qd8 44. Nf4 Bc8 45. Re5 Kg7 46. Qe3 Qh4 47. Re7
Rf8 48. Qe5+ Kh7 49. Nxd5 Be6 50. Qxe6 Kg8 51. Qe5 1-0

[Event "Moscow Open A 2016"]
[Site "Moscow RUS"]
[Date "2016.02.03"]
[Round "5.89"]
[White "Kharchenko, Alexey"]
[Black "Mashkov, Sergey"]
[Result "1-0"]
[BlackTitle "FM"]
[WhiteElo "2136"]
[BlackElo "2301"]
[WhiteFideId "24183296"]
[BlackFideId "24102067"]
[EventDate "2016.01.30"]

1. d4 Nf6 2. Nf3 g6 3. g3 Bg7 4. Bg2 O-O 5. c4 d6 6. Nc3 Nbd7 7. O-O e5 8. e4
Re8 9. h3 exd4 10. Nxd4 Nc5 11. Re1 a5 12. Ndb5 Be6 13. e5 dxe5 14. Qxd8 Rexd8
15. Nxc7 Nd3 16. Rd1 Rab8 17. Nxe6 fxe6 18. Bf1 Nxc1 19. Raxc1 Bh6 20. Rxd8+
Rxd8 21. Re1 Nd7 22. Rd1 Bg5 23. Ne4 Be7 24. c5 Nb8 25. Rxd8+ Bxd8 26. Bc4 Kf8
27. Bxe6 Be7 28. Bc8 Ke8 29. Bxb7 Kd8 30. Bd5 Na6 31. c6 Nb4 32. Nc3 Bc5 33. Be4
Bd4 34. Nb5 Na6 35. Nxd4 exd4 36. f3 Nc5 37. b3 Na6 38. Kf2 Nb4 39. a3 Na2 40.
Ke1 Nc1 41. b4 axb4 42. axb4 Na2 43. b5 Kc7 44. Kd2 Nc3 45. Bd3 Nd5 46. Bc4 Ne3
47. Kd3 h5 48. Kxd4 Nf5+ 49. Kc5 1-0

[Event "Moscow Open A 2016"]
[Site "Moscow RUS"]
[Date "2016.02.03"]
[Round "5.90"]
[White "Suleymanli, Aydin"]
[Black "Mokshanov, Alexey"]
[Result "1/2-1/2"]
[WhiteTitle "CM"]
[BlackTitle "IM"]
[WhiteElo "1930"]
[BlackElo "2470"]
[WhiteFideId "13413937"]
[BlackFideId "24121657"]
[EventDate "2016.01.30"]

1. d4 d5 2. c4 e6 3. cxd5 exd5 4. Nc3 c6 5. Qc2 g6 6. Bf4 Bf5 7. Qb3 Qb6 8. Nf3
Na6 9. e3 Nb4 10. Rc1 Nd3+ 11. Bxd3 Qxb3 12. axb3 Bxd3 13. Kd2 Bf5 14. Ne5 f6
15. g4 Be6 16. f3 g5 17. Bg3 Ne7 18. Nd3 h5 19. h3 Nc8 20. h4 hxg4 21. hxg5 Rxh1
22. Rxh1 fxg5 23. fxg4 Bxg4 24. Rh8 Ne7 25. Ne5 Be6 26. Bh2 O-O-O 27. Rh7 Re8
28. Na4 Nf5 29. Nc5 Bg7 30. Rh5 Bf6 31. Ng4 Bd8 32. Rh7 b6 33. Nxe6 Rxe6 34.
Rxa7 Re4 35. Ra8+ Kb7 36. Rb8+ Ka6 37. Nf2 Rh4 38. Be5 Be7 39. Bc7 Bb4+ 40. Ke2
Rh7 41. Rxb6+ Ka7 42. Rxc6 Kb7 43. Rf6 Nxd4+ 44. exd4 Rxc7 45. Rf5 Rc2+ 46. Kf3
Rxb2 47. Rxd5 Rxb3+ 48. Ke4 Bd2 49. Nd3 Rb6 50. Nc5+ Kc8 51. Rf5 Bf4 52. Rf8+
Kc7 53. d5 Kd6 54. Nd3 Ke7 55. Rh8 Rf6 56. Rg8 Rf8 57. Rxf8 Kxf8 58. Nxf4 gxf4
59. Kxf4 Ke7 1/2-1/2

[Event "Moscow Open A 2016"]
[Site "Moscow RUS"]
[Date "2016.02.03"]
[Round "5.91"]
[White "Klimentov, Evgeny"]
[Black "Pavlidis, Anastasios"]
[Result "1-0"]
[BlackTitle "IM"]
[WhiteElo "2170"]
[BlackElo "2410"]
[WhiteFideId "24128899"]
[BlackFideId "4208404"]
[EventDate "2016.01.30"]

1. e4 d5 2. exd5 Qxd5 3. Nc3 Qd6 4. Nf3 Nf6 5. g3 Bg4 6. Bg2 Nc6 7. h3 Bh5 8. d4
e6 9. O-O Be7 10. Bf4 Qd8 11. g4 Bg6 12. Ne5 Nxd4 13. Bxb7 Bxc2 14. Qc1 Be4 15.
Bxe4 Nxe4 16. Qd1 Nc5 17. b4 f6 18. bxc5 fxe5 19. Bxe5 Bf6 20. Qa4+ Kf7 21. f4
h5 22. Rad1 hxg4 23. Rxd4 Qe8 24. Rd7+ Kg8 25. Bxf6 gxf6 26. hxg4 Rh4 27. Rd2
Rxg4+ 28. Rg2 Rxg2+ 29. Kxg2 Qg6+ 30. Kf2 Qd3 31. Ne2 Rb8 32. Rg1+ Kf8 33. Qc6
Rb2 34. Qa8+ 1-0

[Event "Moscow Open A 2016"]
[Site "Moscow RUS"]
[Date "2016.02.03"]
[Round "5.92"]
[White "Martynyuk, Elizaveta"]
[Black "Demianjuk, Alexander"]
[Result "0-1"]
[WhiteTitle "WFM"]
[WhiteElo "2115"]
[BlackElo "2388"]
[WhiteFideId "24128511"]
[BlackFideId "4134249"]
[EventDate "2016.01.30"]

1. e4 c5 2. Nf3 Nc6 3. d4 cxd4 4. Nxd4 Qb6 5. Nb3 Nf6 6. Nc3 e6 7. Be3 Qc7 8. a3
Be7 9. f4 d6 10. Bd3 a6 11. O-O b5 12. Qf3 Bb7 13. Rae1 b4 14. Na4 Nd7 15. Qg3
Bf6 16. axb4 Nxb4 17. Bd2 Nxd3 18. cxd3 Qc2 19. d4 Bxe4 20. Re3 Bd5 21. Bb4 Bxb3
22. Rxb3 Bxd4+ 23. Kh1 Qc4 24. Qd3 Qxd3 25. Rxd3 Bc5 26. Bc3 Rb8 27. Bxg7 Rg8
28. Bc3 Bb4 29. Bd4 Ke7 30. Rh3 Bd2 31. Nc3 Nc5 32. Bxc5 dxc5 33. Ne4 Rxb2 34.
Ra3 Bb4 35. Rxa6 Rgxg2 36. Ra7+ Kf8 37. Ra8+ Kg7 38. Rg1 Rxg1+ 39. Kxg1 c4 40.
Rc8 c3 41. Rc4 c2 42. Ng3 Rb1+ 43. Nf1 c1=Q 44. Rxc1 Rxc1 0-1

[Event "Moscow Open A 2016"]
[Site "Moscow RUS"]
[Date "2016.02.03"]
[Round "5.93"]
[White "Dzhangobegov, Vladimir"]
[Black "Fraiman, Dmitry"]
[Result "1-0"]
[WhiteTitle "FM"]
[WhiteElo "2314"]
[BlackElo "2193"]
[WhiteFideId "4180984"]
[BlackFideId "34100641"]
[EventDate "2016.01.30"]

1. e4 c5 2. Nf3 d6 3. d4 cxd4 4. Nxd4 Nf6 5. Nc3 a6 6. Bc4 e6 7. Bb3 b5 8. Bg5
Be7 9. Qf3 Qb6 10. O-O-O Nbd7 11. Qg3 Nc5 12. Rhe1 O-O 13. Bh6 Ne8 14. f4 Bd7
15. f5 b4 16. Nb1 Nxb3+ 17. axb3 e5 18. Nf3 Qc7 19. Nbd2 a5 20. Kb1 a4 21. Nc4
Bc6 22. Nxd6 Bxd6 23. Bxg7 f6 24. Bxf6+ Kf7 25. Bxe5 Rg8 26. Bxd6 Rxg3 27. Bxc7
Rxf3 28. gxf3 Nxc7 29. Rd6 Ra6 30. bxa4 b3 31. Kc1 bxc2 32. b3 Rb6 33. Re2 Ke7
34. Rh6 Na6 35. Rxc2 Nb4 36. Rc4 Nd3+ 37. Kd2 1-0

[Event "Moscow Open A 2016"]
[Site "Moscow RUS"]
[Date "2016.02.03"]
[Round "5.94"]
[White "Zhadanov, Vasili B."]
[Black "Dobrocmyslov, Artem"]
[Result "1/2-1/2"]
[WhiteTitle "FM"]
[WhiteElo "2306"]
[BlackElo "2119"]
[WhiteFideId "4144473"]
[BlackFideId "24139521"]
[EventDate "2016.01.30"]

1. e4 c5 2. c3 e6 3. d4 d5 4. exd5 exd5 5. Nf3 Nc6 6. Bb5 Bd6 7. O-O Ne7 8. dxc5
Bxc5 9. Nbd2 O-O 10. Nb3 Bb6 11. Re1 h6 12. Be3 Bxe3 13. Rxe3 Bf5 14. Nfd4 Nxd4
15. Nxd4 Be4 16. Qe2 Ng6 17. Qg4 Qd6 18. a4 f5 19. Qd1 f4 20. Re1 f3 21. gxf3
Nh4 22. Re3 Qg6+ 23. Kf1 Qg2+ 24. Ke1 Nxf3+ 25. Nxf3 Rxf3 26. Rxf3 Bxf3 27. Qd4
Qg1+ 28. Bf1 Bg2 29. Kd2 Bxf1 30. Re1 Qg5+ 31. f4 Qg2+ 32. Kc1 Bc4 33. Rg1 Qxg1+
34. Qxg1 Re8 35. Kc2 b6 36. f5 Rf8 37. Qg3 a6 38. Qe5 Rf6 39. Kd2 Kh7 40. Ke3
Bb3 41. a5 bxa5 42. Kf4 Kg8 43. Qe7 Bc4 44. Ke5 Kh7 45. Qd8 Ba2 46. Kf4 1/2-1/2

[Event "Moscow Open A 2016"]
[Site "Moscow RUS"]
[Date "2016.02.03"]
[Round "5.95"]
[White "Bikuzhin, Maksim"]
[Black "Hakobyan, Hovhannes H."]
[Result "1-0"]
[WhiteTitle "FM"]
[WhiteElo "2301"]
[BlackElo "2112"]
[WhiteFideId "24128015"]
[BlackFideId "13306308"]
[EventDate "2016.01.30"]

1. e4 c5 2. Nf3 Nc6 3. d4 cxd4 4. Nxd4 g6 5. Nc3 Bg7 6. Be3 Nf6 7. f3 O-O 8. g4
Qb6 9. Rb1 Nxe4 10. fxe4 Bxd4 11. Nd5 Qc5 12. b4 Bc3+ 13. Ke2 Qc4+ 14. Kf3 Ne5+
15. Kg3 Qxe4 16. Bg2 Qc4 17. Rb3 Ba1 18. Nxe7+ Kh8 19. Bd5 Qc7 20. Qxa1 d6 21.
Nxc8 Qxc8 22. Bf3 Kg8 23. Bd4 Re8 24. Re1 Qd7 25. Rbe3 f6 26. Bd5+ Kg7 27. h3 h6
28. Qd1 Qb5 29. c4 Qd7 30. Kg2 Rac8 31. Bxe5 dxe5 32. a4 b6 33. b5 Qe7 34. R1e2
Qc5 35. Qb3 Kh7 36. Qa3 1-0

[Event "Moscow Open A 2016"]
[Site "Moscow RUS"]
[Date "2016.02.03"]
[Round "5.96"]
[White "Karayev, Kanan"]
[Black "Konaplev, Anton"]
[Result "1-0"]
[WhiteTitle "CM"]
[WhiteElo "2140"]
[BlackElo "2272"]
[WhiteFideId "13406671"]
[BlackFideId "24165646"]
[EventDate "2016.01.30"]

1. e4 e6 2. d4 d5 3. exd5 exd5 4. Nf3 Bd6 5. c4 dxc4 6. Bxc4 Nf6 7. O-O O-O 8.
Nc3 Nbd7 9. Bg5 Nb6 10. Bb3 Be7 11. Re1 Bg4 12. h3 Bxf3 13. Qxf3 c6 14. Rad1 h6
15. Bxh6 gxh6 16. Qe3 Bb4 17. Qxh6 Nh7 18. Re4 Qf6 19. Qh5 Kh8 20. Rg4 Qe7 21.
Bc2 f6 22. Rh4 f5 23. g4 Bxc3 24. Bxf5 Rxf5 25. gxf5 Rg8+ 26. Kf1 Rg5 27. f6 Qd7
28. Qxg5 Bxb2 29. Qg6 Nd5 30. Rxh7+ Qxh7 31. Qe8+ Qg8 32. f7 1-0

[Event "Moscow Open A 2016"]
[Site "Moscow RUS"]
[Date "2016.02.03"]
[Round "5.97"]
[White "Mikheev, Aleksey"]
[Black "Soldatov, Arnold"]
[Result "1/2-1/2"]
[WhiteElo "2235"]
[BlackElo "2075"]
[WhiteFideId "24177660"]
[BlackFideId "24135623"]
[EventDate "2016.01.30"]

1. e4 c5 2. Nf3 g6 3. d4 cxd4 4. Nxd4 Bg7 5. Nc3 Nc6 6. Be3 Nf6 7. Bc4 O-O 8.
Bb3 d6 9. f3 Na5 10. Qd2 a6 11. g4 b5 12. O-O-O Nd7 13. Nd5 Nxb3+ 14. cxb3 Bb7
15. Kb1 e6 16. Bg5 Nf6 17. Nc3 Qa5 18. Qe3 b4 19. Bxf6 Bxf6 20. Na4 Rab8 21. h4
Rfc8 22. h5 Bc6 23. hxg6 hxg6 24. Nxc6 Rxc6 25. f4 Rbc8 26. g5 Bg7 27. Rh2 Qb5
28. Rhd2 Kf8 29. Qh3 Qb7 30. Qe3 Qb5 31. Qh3 Qb7 32. Qd3 Qc7 33. Qf1 Qb7 34. Qh1
Qb8 35. f5 Qc7 36. Qf1 exf5 37. exf5 gxf5 38. Rf2 Qe7 39. Rxf5 Qe4+ 40. Ka1 Qxf5
41. Qxf5 Rc1+ 42. Rxc1 Rxc1+ 43. Qb1 Rc6 44. a3 bxa3 1/2-1/2

[Event "Moscow Open A 2016"]
[Site "Moscow RUS"]
[Date "2016.02.03"]
[Round "5.98"]
[White "Daurbekov, Murad"]
[Black "Chemurziev, Ruslan"]
[Result "1/2-1/2"]
[WhiteElo "2061"]
[BlackElo "2224"]
[WhiteFideId "4192982"]
[BlackFideId "4189094"]
[EventDate "2016.01.30"]

1. e4 c6 2. d4 d5 3. Nd2 dxe4 4. Nxe4 Bf5 5. Ng3 Bg6 6. Nf3 Nd7 7. h4 h6 8. h5
Bh7 9. Bd3 Bxd3 10. Qxd3 e6 11. Bf4 Ngf6 12. O-O-O Be7 13. Kb1 O-O 14. Ne4 Nxe4
15. Qxe4 Nf6 16. Qe2 Qd5 17. Ne5 Qe4 18. Qxe4 Nxe4 19. Rhe1 Nf6 20. g4 Rfd8 21.
f3 c5 22. dxc5 Bxc5 23. c4 Rac8 24. b3 a6 25. Rd3 Rxd3 26. Nxd3 Be7 27. Ne5 Kf8
28. Rd1 Ke8 29. Bc1 b5 30. Bb2 bxc4 31. Nxc4 Rd8 32. Rxd8+ Bxd8 33. Kc2 g6 34.
hxg6 fxg6 35. Ne5 g5 36. Nc6 Ng8 37. Nxd8 Kxd8 38. Kd3 Kd7 39. Ke4 Ke7 40. b4
Kf7 41. a4 Ne7 42. b5 axb5 43. axb5 Nc8 44. Ba3 Nb6 45. Bc5 Nc4 46. Bb4 Nb6 47.
Kd4 Nd7 1/2-1/2

[Event "Moscow Open A 2016"]
[Site "Moscow RUS"]
[Date "2016.02.03"]
[Round "5.99"]
[White "Obgolts, Erik"]
[Black "Shoshin, Boris"]
[Result "1-0"]
[WhiteElo "2220"]
[BlackElo "2068"]
[WhiteFideId "24199044"]
[BlackFideId "34196568"]
[EventDate "2016.01.30"]

1. Nf3 d5 2. d4 Nf6 3. Bf4 e6 4. Nbd2 c5 5. e3 Nc6 6. c3 Bd7 7. Bd3 c4 8. Bc2
Be7 9. Ne5 b5 10. a3 a5 11. Ndf3 h5 12. h4 Ng4 13. e4 Ncxe5 14. Nxe5 Nxe5 15.
Bxe5 f6 16. exd5 exd5 17. Bg6+ Kf8 18. Bf4 Be8 19. Bf5 Bd6 20. Qf3 g6 21. Bc2
Bxf4 22. Qxf4 Qe7+ 23. Kf1 Ra6 24. Re1 Qd6 25. Qe3 Bf7 26. Rh3 Kg7 27. Qd2 Raa8
28. Rg3 Rhe8 29. Rxe8 Rxe8 30. f4 Kh7 31. Kf2 f5 32. Rf3 Qf6 33. g3 Re7 34. Re3
Rxe3 35. Qxe3 Qe6 36. Qe5 Qxe5 37. dxe5 Kg7 38. Ke3 Kf8 39. Kd4 Ke7 40. Kc5 b4
41. axb4 axb4 42. Kxb4 Ke6 43. Kc5 Be8 44. Bd1 Bd7 45. Bf3 Kf7 46. Bxd5+ Kg7 47.
Kd6 Bb5 48. Bc6 Ba6 49. e6 g5 50. hxg5 1-0

[Event "Moscow Open A 2016"]
[Site "Moscow RUS"]
[Date "2016.02.03"]
[Round "5.100"]
[White "Golikov, Daniil"]
[Black "Begelman, Boris"]
[Result "1-0"]
[WhiteElo "2043"]
[BlackElo "2218"]
[WhiteFideId "24170623"]
[BlackFideId "34136441"]
[EventDate "2016.01.30"]

1. d4 Nf6 2. c4 e6 3. Nc3 Bb4 4. e3 O-O 5. Ne2 d5 6. a3 Be7 7. Nf4 c6 8. Bd3
Nbd7 9. O-O dxc4 10. Bxc4 e5 11. Nfe2 exd4 12. exd4 Nb6 13. Ba2 Bd6 14. Bf4 Re8
15. Qd3 Be6 16. Bxd6 Bxa2 17. Qg3 Nh5 18. Qf3 Qxd6 19. Rxa2 Nf6 20. g3 Re7 21.
Rd1 Rae8 22. Raa1 h6 23. Nf4 Ne4 24. d5 Nxc3 25. bxc3 c5 26. Qd3 Nd7 27. c4 Ne5
28. Qc3 Nd7 29. Ng2 Nf6 30. Ne3 Ne4 31. Qb2 Qg6 32. Ng2 Nd6 33. Qc3 Qg4 34. Nf4
Re5 35. Re1 Ne4 36. Rxe4 Rxe4 37. f3 Rxc4 38. Qxc4 Qxf3 39. Qxc5 g5 40. Rf1 Qg4
41. Qb5 Rd8 42. Ne2 Qe4 43. Qxb7 f5 44. Qc6 Rxd5 45. Qg6+ Kf8 46. Qxh6+ Ke8 47.
Qh5+ Kf8 48. Rc1 Qe3+ 49. Kf1 g4 50. Rc8+ 1-0

[Event "Moscow Open A 2016"]
[Site "Moscow RUS"]
[Date "2016.02.03"]
[Round "5.101"]
[White "Kovalev, Egor"]
[Black "Proleiko, Julian"]
[Result "1-0"]
[WhiteElo "2210"]
[BlackElo "2047"]
[WhiteFideId "24124117"]
[BlackFideId "30900255"]
[EventDate "2016.01.30"]

1. Nf3 d5 2. g3 Nf6 3. Bg2 c6 4. c4 Bf5 5. cxd5 cxd5 6. d3 Nc6 7. O-O e5 8. Bg5
Be7 9. Nc3 O-O 10. Bxf6 Bxf6 11. Qb3 d4 12. Nd5 Rb8 13. Rfc1 Be6 14. Nxf6+ Qxf6
15. Qb5 a6 16. Qc5 Rfc8 17. b4 Bg4 18. b5 b6 19. Qd5 axb5 20. Qxb5 h6 21. Rab1
Qd6 22. Rc2 Bd7 23. Rbc1 Be8 24. Nxe5 Na7 25. Qd5 Rxc2 26. Rxc2 Qb4 27. Qb3 Qe1+
28. Bf1 Qa5 29. Nc4 Qa6 30. Nd6 b5 31. Nxe8 Rxe8 32. Rc7 Rf8 33. Qb4 Qxa2 34.
Qxd4 Nc8 35. Qc5 Qa6 36. Rc6 Qa8 37. Bh3 b4 38. Rxc8 Qa1+ 39. Kg2 Rxc8 40. Qxc8+
Kh7 41. Qb7 1-0

[Event "Moscow Open A 2016"]
[Site "Moscow RUS"]
[Date "2016.02.03"]
[Round "5.103"]
[White "Abreu Sanchez, Leonel Jesus"]
[Black "Egorov, Pavel"]
[Result "0-1"]
[WhiteElo "1861"]
[BlackElo "2207"]
[WhiteFideId "3917487"]
[BlackFideId "24122637"]
[EventDate "2016.01.30"]

1. d4 Nf6 2. c4 g6 3. Nc3 Bg7 4. e4 d6 5. f3 O-O 6. Bg5 c5 7. d5 e6 8. Qd2 exd5
9. cxd5 a6 10. a4 Qa5 11. Ra3 Nbd7 12. Nh3 Ne5 13. Be2 Bxh3 14. gxh3 Rfe8 15.
O-O Qb4 16. Nb1 Ned7 17. b3 Qxd2 18. Nxd2 Nxd5 19. Nc4 Nb4 20. Nxd6 Re6 21. Nc4
Ne5 22. Nxe5 Bxe5 23. Bd2 Rd6 24. Bxb4 cxb4 25. Ra2 Rad8 26. f4 Rd2 27. Rxd2
Rxd2 28. Bc4 Bd4+ 29. Kh1 Kg7 30. Re1 Bf2 31. Re2 Rd1+ 32. Kg2 Ba7 33. e5 Rg1+
34. Kf3 Rf1+ 35. Kg2 Rxf4 36. e6 fxe6 37. Bxe6 Bc5 38. Bc8 b5 39. axb5 axb5 40.
Bd7 h5 41. Bxb5 h4 42. Bc4 Kf6 43. Re6+ Kg7 44. Re2 Kh6 45. Be6 g5 46. Bg4 Bd4
47. Bf3 Rf5 48. Bg4 Rf7 49. Re6+ Kg7 50. Re2 Rf4 51. Bf3 Bc3 52. Re4 Rf7 53. Re2
Rd7 54. Bg4 Rd3 55. Be6 Kf6 56. Bc4 Rd4 57. Rf2+ Ke5 58. Re2+ Kf4 59. Rf2+ Ke5
60. Re2+ Kd6 61. Re6+ Kc7 62. Re2 Rxc4 63. bxc4 b3 64. Rf2 Kc6 65. Kf3 b2 66.
Rf1 Kc5 67. Ke2 Kxc4 68. Rb1 Be5 69. Kd2 Kb3 70. Kd3 Bf4 0-1

[Event "Moscow Open A 2016"]
[Site "Moscow RUS"]
[Date "2016.02.03"]
[Round "5.104"]
[White "Ioffe, Ilya"]
[Black "Grishaev, Igor"]
[Result "1-0"]
[WhiteElo "2200"]
[BlackElo "1933"]
[WhiteFideId "34134031"]
[BlackFideId "4197925"]
[EventDate "2016.01.30"]

1. e4 c5 2. c3 e5 3. Nf3 Nc6 4. Bc4 Be7 5. O-O Nf6 6. d3 O-O 7. Nbd2 d6 8. Re1
Bg4 9. h3 Bd7 10. Bb3 b5 11. Nf1 Qc7 12. Ne3 Qb7 13. Nh2 Bd8 14. Qf3 Ne7 15.
Nhg4 Nxg4 16. hxg4 Ng6 17. Nf5 Bc7 18. Bd5 Bc6 19. Bxc6 Qxc6 20. g3 Rfd8 21. Bh6
gxh6 22. Nxh6+ Kg7 23. Qxf7+ Kxh6 24. Kg2 Rf8 25. Rh1+ Kg5 26. Qe6 Nh4+ 27.
gxh4+ 1-0

[Event "Moscow Open A 2016"]
[Site "Moscow RUS"]
[Date "2016.02.03"]
[Round "5.105"]
[White "Appolonov, Sergey"]
[Black "Kurilo, Vladislav"]
[Result "0-1"]
[WhiteTitle "IM"]
[WhiteElo "2380"]
[BlackElo "2160"]
[WhiteFideId "4116291"]
[BlackFideId "14136503"]
[EventDate "2016.01.30"]

1. Nf3 f5 2. g3 Nf6 3. Bg2 d6 4. d4 g6 5. c4 Bg7 6. O-O O-O 7. Nc3 Qe8 8. Bg5 e5
9. dxe5 dxe5 10. Nd5 Nxd5 11. Qxd5+ Kh8 12. e4 f4 13. Qc5 Nc6 14. Nh4 h6 15. Be7
Rf7 16. Nxg6+ Kh7 17. gxf4 Kxg6 18. f5+ Kh7 19. Bh4 Bf6 20. Bg3 Nd4 21. f4 Ne2+
22. Kh1 Nxg3+ 23. hxg3 Rg7 24. Rf3 Bd7 25. Qxc7 Bxf5 26. Qd6 Bxe4 27. Raf1 Qh5+
28. Kg1 Be7 29. Qc7 Bxf3 30. Rxf3 exf4 31. Qxf4 Bc5+ 32. Kf1 Rf8 33. Qe4+ Qg6
34. Rxf8 Bxf8 35. Qd5 Qf7+ 0-1

[Event "Moscow Open A 2016"]
[Site "Moscow RUS"]
[Date "2016.02.03"]
[Round "5.106"]
[White "Terekhov, Konstantin"]
[Black "Okun, Evgeny"]
[Result "0-1"]
[WhiteElo "2122"]
[BlackElo "2227"]
[WhiteFideId "4115856"]
[BlackFideId "24131806"]
[EventDate "2016.01.30"]

1. d4 g6 2. c4 f5 3. e4 fxe4 4. f3 Nf6 5. Nc3 exf3 6. Nxf3 Bg7 7. Bd3 d6 8. O-O
O-O 9. Bg5 Nc6 10. d5 Nb4 11. Be2 c6 12. Qd2 Na6 13. Nd4 c5 14. Nf3 Nc7 15. Rad1
Bg4 16. Nh4 Qd7 17. h3 Bxe2 18. Qxe2 Rae8 19. Qd3 e5 20. dxe6 Nxe6 21. Be3 Rd8
22. Nf3 a6 23. Rf2 b6 24. Kh1 Nh5 25. Ne4 Nef4 26. Qxd6 Qxd6 27. Nxd6 Ng3+ 28.
Kh2 Ne4 29. Nxe4 Rxd1 30. b3 Nd3 31. Re2 Re8 32. Bg5 Ne5 33. Nfd2 h6 34. Bf4 g5
35. Bg3 Rd8 36. Rf2 Nd3 37. Rf5 Ra1 38. Nf3 Rf8 0-1

[Event "Moscow Open A 2016"]
[Site "Moscow RUS"]
[Date "2016.02.03"]
[Round "5.107"]
[White "Merkushev, Dmitry"]
[Black "Salman, Pavel"]
[Result "1-0"]
[BlackTitle "FM"]
[WhiteElo "2107"]
[BlackElo "2185"]
[WhiteFideId "34123676"]
[BlackFideId "24153753"]
[EventDate "2016.01.30"]

1. Nf3 c5 2. c4 Nf6 3. e3 g6 4. Be2 Bg7 5. O-O O-O 6. Nc3 Nc6 7. d4 cxd4 8. exd4
d5 9. Re1 Bf5 10. a3 Rc8 11. c5 Ne4 12. Bf4 h6 13. Bb5 g5 14. Bxc6 bxc6 15. Be5
f6 16. Bg3 Nxg3 17. hxg3 Bg4 18. Qa4 Bxf3 19. gxf3 Qd7 20. Kg2 e5 21. Rad1 Qf7
22. Qc2 exd4 23. Ne2 f5 24. Nxd4 Bxd4 25. Rxd4 Rce8 26. Rdd1 g4 27. Qa4 gxf3+
28. Kxf3 f4 29. g4 Re3+ 30. Kg2 Qe6 31. Kf1 Re4 32. Rxe4 dxe4 33. Rd6 Qxg4 34.
Qxe4 Qh3+ 35. Ke1 Qf5 36. Qxf5 Rxf5 37. Rxc6 f3 38. b4 h5 39. Rd6 Re5+ 40. Kf1
Re4 41. Rd3 Rf4 42. Rc3 h4 43. c6 Rf8 44. c7 Rc8 45. Kg1 Kf7 46. Rxf3+ Ke6 47.
Rc3 Kd7 48. Kh2 h3 49. f4 1-0

[Event "Moscow Open A 2016"]
[Site "Moscow RUS"]
[Date "2016.02.03"]
[Round "5.108"]
[White "Lutsenko, Alexander"]
[Black "Royset, Pal"]
[Result "1-0"]
[WhiteElo "2026"]
[BlackElo "2179"]
[WhiteFideId "54159806"]
[BlackFideId "1501330"]
[EventDate "2016.01.30"]

1. e4 e5 2. Nf3 Nc6 3. d4 exd4 4. Bc4 Nf6 5. O-O Nxe4 6. Re1 d5 7. Bxd5 Qxd5 8.
Nc3 Qa5 9. Nxe4 Be6 10. Neg5 O-O-O 11. Nxe6 fxe6 12. Rxe6 Bd6 13. Bg5 Rde8 14.
Qe1 Qxe1+ 15. Raxe1 Kd7 16. Rxe8 Rxe8 17. Rxe8 Kxe8 18. Kf1 Kd7 19. Bd2 h6 20.
Ke2 Ke6 21. Kd3 Kd5 22. Nxd4 Ne5+ 23. Kc3 Nc4 24. Nf3 Bc5 25. Be1 b5 26. b3 Nd6
27. Kd3 Bb6 28. Nd2 Ba5 29. Nf3 Bb6 30. Bc3 Ne4 31. Bxg7 Nxf2+ 32. Ke2 h5 33.
Bd4 Ne4 34. Bxb6 cxb6 35. a3 a5 36. Nd2 Nf6 37. Kd3 Ng4 38. c4+ bxc4+ 39. Nxc4
Kc5 40. h3 Nf6 41. Ne3 b5 42. g4 hxg4 43. Nxg4 Nh5 44. h4 Nf4+ 45. Ke4 Nh5 46.
Ne5 Ng7 47. Nd3+ Kc6 48. Nf4 Kc5 49. h5 Kd6 50. h6 Ne8 51. Nh5 Kd7 52. h7 1-0